Deutsche Songtexte nach Googleübersetzer Teil 3 - Statistiken

Allgemein
  • Dieses Quiz wurde 130 mal gespielt
  • Das Durchschnittsergebnis liegt bei 5 aus 15
Antwortstatistiken
Hint Antwort % Korrekt
Komm mit mir. Komm mit mir ins Land der Abenteuer Auf deiner Reise Komm mit mir ins Land der Abenteuer Es ist schmerzhaft einzudringen. Komm mit mir ins Land der Abenteuer Und mach es auf deine Art. Deine Gedanken machen dich Land der Abenteuer. Abenteuerland - Pur
95%
Marmor, Stein und Metall wurden zerstört. Aber unsere Liebe ist nicht so. Alles funktioniert. Aber wir hören einander weiterhin zu. Marmor, Stein und Eisen bricht - Drafi Deutscher
73%
Das ist das Beste, was mir je passiert ist. Du liebst mich so, wie ich dich liebe. Vergessen Sie den Rest der Welt. Wenn ich es getan hätte Das ist das Beste, was mir je passiert ist. Du liebst mich so, wie ich dich liebe. sage ich langsam Viel Spaß dort Das Beste - Silbermond
60%
Du bist schön, aber es gibt nichts, was du tun kannst Egal, ob es sich um Lesen, Schreiben oder irgendetwas anderes handelt. Du bist schön, aber es gibt nichts, was du tun kannst Es gibt nichts, was du tun kannst und nichts, was du tun kannst Im Frühling dachte die Rose: „Wer nicht leiden will, muss brav sein.“ Du bist schön - Alligatoah
46%
Ich mag keine Schokolade Ich habe meinen Mann geschickt Ich brauche jemanden, der mich küsst Und Sie können es mit Ihren Fingern reiben Ich will keine Schokolade - Trude Herr
46%
Berlin am Morgen. Du kannst sehr dumm sein. Schmutzig und schmutzig. Sie werden überrascht sein. Diese Tage werden passieren. Das ist besser als ich. Er ging nach Hause und schlief. Wenn wir die Straße entlanggehen. Wie offensichtlich wäre es. Schwarz zu blau - Peter Fox
41%
Nichts hielt mich zurück, nur ich Vergiss mich wer vergiss meinen Namen Nicht alles wird es tun. Ich komme raus, oh-oh. Empfehlungen (Markierungen, Zeichen) . Hallo, ah-ah (eins, eins) Empfehlungen (Markierungen, Zeichen) . Hallo, ah-ah (eins, eins) A-A-A-A. Au revoir - Mark Forster feat. Sido
36%
Wo bist du? Montag bis Freitag? Ich habe ungefähr drei Tage lang geweint. Wurde er gedemütigt? Ich finde es großartig! Als ich die Decke bekam, war ich verloren. Wenn du mir nur gesagt hättest, wo ich damals war. Montag bis Freitag? Die Nacht von Freitag auf Montag - SDP feat. Sido
28%
bleib weg von mir!
Hör auf zu weinen, ich werde dich wieder retten.
Es kann beängstigend sein, wissen Sie.
Die Pläne liegen noch im Rückstand.
Nimm mein Herz
Ich brauche seine Liebe nicht!
Senden Sie es, bevor Sie Ihr Herz öffnen.
Schneller, schneller.
Es ist einfach für mich.
Gib mir mein Herz zurück.
Flugzeuge im Bauch - Oli P.
21%
Es startet nur einmal. Irgendwo weiter vorne. Ich kann es kaum erwarten. Liebe basiert auf Leidenschaft Denken Sie nicht voraus Wir ziehen. für eine Nacht um Ihnen zu helfen Sandhaus Manchmal, manchmal, manchmal. Zeit, barmherzig zu sein. Manchmal, manchmal, manchmal. Irgendwie, Irgendwo, Irgendwann - Nena
21%
Das ist alles. Rot Alles gut. Aber am Nachmittag. Kein Problem Kein Problem Menschen sind Menschen. Vergessen Sie es, weil es Ihnen wichtig ist Und weil du ihn geschlagen hast. Weil sie dich ansehen, wenn du sprichst. Stark. Ich habe keine Angst. Mensch - Herbert Grönemeyer
21%
Bravo, was erwartet uns?
Was für uns das Beste ist Wir grüßen denjenigen, der uns vereint jetzt (jetzt) Ich gratuliere uns zu diesem Leben JETZT Was immer bleiben wird Ich gratuliere uns Jetzt und für immer für einen Tag bestimmt
Auf uns - Andreas Bourani
16%
Mehrmals. Ist es Musik? Scheint . Die Zeit scheint stillzustehen. Weil es nie endet. Starkes Fieber Es zeigt sich immer. Lasst uns zusammenkommen. Altes Fieber - Die Toten Hosen
14%
Die Leute sind wählerisch. Es besteht kein Grund zu fragen. Bisher wurde nichts bestätigt. Pocket ist für jeden etwas dabei. Die Leute sind wählerisch. Glauben Sie nicht, was sie sagen. Sie versprechen, Ihnen für immer treu zu bleiben. Dann, am Morgen, gingen sie. Übrigens Männer sind Schweine - Die Ärzte
8%
Das Leben ist schön, wenn man gesund ist.
Denn alles geschieht aus einem bestimmten Grund.
Alles ist in Ordnung, solange der Inhalt der Pfanne frisch riecht.
Das Leben ist nicht gut, wenn man sich nicht gut fühlt.
Weil Sie es nur 3 Sekunden lang gedrückt halten.
Jeder ist verrückt, dumm, man muss es einfach tun.
Wenn du dumm bist - FiNCH
1%
Keine übereinstimmenden Quizze gefunden
Verteilung der Resultate
Anzahl Personen mit jedem Resultat
Perzentil nach korrekt beantworteten Fragen
Ihre Resultats-Entwicklung
Sie haben dieses Quiz noch nicht gespielt